Statistics for U.S. States with the Least Disconnected Youths

Click here to take the quiz!

General Stats

  • This quiz has been taken 94 times
  • The average score is 8 of 12

Answer Stats

%State% Correct
7.4Massachusetts
77%
8.5Connecticut
76%
8.5New Hampshire
76%
9.2South Dakota
73%
7.0North Dakota
70%
7.5Rhode Island
70%
7.4Iowa
69%
7.5Minnesota
65%
9.2Utah
64%
9.8Virginia
61%
9.2Nebraska
60%
9.1Wisconsin
60%

Score Distribution

Percentile by Number Answered

Percent of People with Each Score

Your Score History

You have not taken this quiz